[Event "Abu Dhabi Festival Open"]
[Site "Abu Dhabi UAE"]
[Date "2009.08.12"]
[Round "1"]
[White "Aleksandrov, A."]
[Black "Ahmed, Fay"]
[Result "1-0"]
[WhiteElo "2616"]
[BlackElo "1850"]
[PlyCount "89"]
[EventDate "2009.08.12"]
[EventType "swiss"]
[EventRounds "9"]
[EventCountry "UAE"]
[Source "Mark Crowther"]
[SourceDate "2009.08.17"]

1. d4 d5 2. c4 e5 3. dxe5 d4 4. a3 Nc6 5. e3 f6 6. exf6 Nxf6 7. Nf3 Bg4 8. Be2
dxe3 9. Qxd8+ Rxd8 10. Bxe3 Be7 11. Nc3 a6 12. O-O O-O 13. Rfd1 b6 14. h3 Bf5
15. Nd5 Bd6 16. b4 Nxd5 17. cxd5 Ne5 18. Nd4 b5 19. Rac1 Bd7 20. Bf1 Rde8 21.
Nb3 Rf6 22. Nc5 Bc8 23. Ne4 Rg6 24. Kh1 Bf5 25. Nxd6 cxd6 26. Rc7 Be4 27. Kh2
Ra8 28. Rd4 Bf5 29. Rf4 Bd3 30. Bxd3 Nxd3 31. Rff7 a5 32. bxa5 Rxa5 33. Bd4 Ne5
34. Rfe7 h5 35. Re6 Rxe6 36. dxe6 Kf8 37. Be3 Ra8 38. f4 Nc4 39. Bd4 Re8 40.
Rf7+ Kg8 41. Rxg7+ Kf8 42. Rf7+ Kg8 43. f5 Nxa3 44. Rg7+ Kf8 45. Rh7 1-0

[Event "Abu Dhabi Festival Open"]
[Site "Abu Dhabi UAE"]
[Date "2009.08.12"]
[Round "1"]
[White "Al Kaabi, A."]
[Black "Bocharov, D."]
[Result "0-1"]
[WhiteElo "1840"]
[BlackElo "2613"]
[PlyCount "42"]
[EventDate "2009.08.12"]
[EventType "swiss"]
[EventRounds "9"]
[EventCountry "UAE"]
[Source "Mark Crowther"]
[SourceDate "2009.08.17"]

1. d4 d6 2. Nf3 g6 3. Bg5 Bg7 4. e4 h6 5. Bh4 Nf6 6. Nbd2 O-O 7. c3 Nc6 8. Bd3
e5 9. d5 Ne7 10. Qc2 Nh5 11. Bxe7 Qxe7 12. O-O-O c6 13. dxc6 bxc6 14. Qa4 Qc7
15. Bc4 Nf6 16. Kb1 Bd7 17. Qa3 Rfb8 18. Rhe1 d5 19. Bd3 Bf8 20. Qa4 c5 21. Qc2
c4 0-1

[Event "Abu Dhabi Festival Open"]
[Site "Abu Dhabi UAE"]
[Date "2009.08.12"]
[Round "1"]
[White "Ghaem Maghami, E."]
[Black "Valerio, Al"]
[Result "1-0"]
[WhiteElo "2589"]
[BlackElo "1834"]
[PlyCount "55"]
[EventDate "2009.08.12"]
[EventType "swiss"]
[EventRounds "9"]
[EventCountry "UAE"]
[Source "Mark Crowther"]
[SourceDate "2009.08.17"]

1. c4 Nf6 2. Nc3 g6 3. e4 d6 4. d4 Bg7 5. Nge2 O-O 6. Ng3 e5 7. d5 Nbd7 8. Be2
a5 9. h4 h5 10. Bg5 Nc5 11. Bxh5 gxh5 12. Nxh5 Kh8 13. Nxf6 Bxf6 14. Qh5+ Kg8
15. O-O-O Re8 16. Kc2 Bxg5 17. hxg5 Kf8 18. Qh6+ Ke7 19. Qf6+ Kd7 20. Qxf7+ Qe7
21. Qg6 Kd8 22. Rh7 Qf8 23. Rf7 Qh8 24. Rh1 Bf5 25. Qxf5 Qxh1 26. Na4 Qf1 27.
Nxc5 Qe2+ 28. Kb3 1-0

[Event "Abu Dhabi Festival Open"]
[Site "Abu Dhabi UAE"]
[Date "2009.08.12"]
[Round "1"]
[White "Mohamed, Ei"]
[Black "Andriasian, Z."]
[Result "0-1"]
[WhiteElo "1831"]
[BlackElo "2585"]
[PlyCount "72"]
[EventDate "2009.08.12"]
[EventType "swiss"]
[EventRounds "9"]
[EventCountry "UAE"]
[Source "Mark Crowther"]
[SourceDate "2009.08.17"]

1. e4 c5 2. Nf3 d6 3. d4 cxd4 4. Nxd4 Nf6 5. Nc3 a6 6. Bg5 e6 7. Be2 Be7 8. O-O
O-O 9. Kh1 b5 10. Bd3 Bb7 11. b4 Nbd7 12. f3 Rc8 13. Nce2 d5 14. exd5 Nxd5 15.
Bxe7 Qxe7 16. Qd2 Qxb4 17. c3 Qe7 18. Rac1 Ne5 19. Be4 Rfd8 20. f4 Nc4 21. Qe1
Nf6 22. Bxb7 Qxb7 23. Ng3 b4 24. Nf3 bxc3 25. Rxc3 Qd5 26. Qc1 Nd6 27. Rc2 Rxc2
28. Qxc2 Nb5 29. h3 h6 30. Re1 Qd3 31. Qf2 Nc3 32. Ne5 Qd2 33. Qxd2 Rxd2 34.
Rc1 Nfd5 35. a3 g6 36. Rf1 Rd4 0-1

[Event "Abu Dhabi Festival Open"]
[Site "Abu Dhabi UAE"]
[Date "2009.08.12"]
[Round "1"]
[White "Filippov, An UZB"]
[Black "Ali, K."]
[Result "1-0"]
[WhiteElo "2583"]
[BlackElo "1827"]
[PlyCount "45"]
[EventDate "2009.08.12"]
[EventType "swiss"]
[EventRounds "9"]
[EventCountry "UAE"]
[Source "Mark Crowther"]
[SourceDate "2009.08.17"]

1. e4 c5 2. Nf3 g6 3. d4 cxd4 4. Qxd4 Nf6 5. e5 Nc6 6. Qa4 Nd5 7. Qb3 Nc7 8.
Bf4 e6 9. Nc3 Bb4 10. O-O-O Bxc3 11. Qxc3 Nd5 12. Qd2 Nxf4 13. Qxf4 Qc7 14. Bb5
h6 15. Rd6 a6 16. Bxc6 bxc6 17. Nd2 Rb8 18. Nc4 a5 19. Rd3 Rh7 20. Rf3 Ba6 21.
Nd6+ Kf8 22. Nxf7 Rb4 23. Qf6 1-0

[Event "Abu Dhabi Festival Open"]
[Site "Abu Dhabi UAE"]
[Date "2009.08.12"]
[Round "1"]
[White "Al Khelaifi, S."]
[Black "Anastasian, A."]
[Result "0-1"]
[WhiteElo "1714"]
[BlackElo "2566"]
[PlyCount "36"]
[EventDate "2009.08.12"]
[EventType "swiss"]
[EventRounds "9"]
[EventCountry "UAE"]
[Source "Mark Crowther"]
[SourceDate "2009.08.17"]

1. d4 c5 2. d5 g6 3. e4 Bg7 4. Nc3 d6 5. Bg5 Nf6 6. f3 O-O 7. Qd2 e6 8. O-O-O
Qb6 9. dxe6 Bxe6 10. Qxd6 Nc6 11. Nge2 Rfd8 12. Qf4 Rxd1+ 13. Nxd1 Nh5 14. Qh4
h6 15. Be3 Rd8 16. Ndc3 Nd4 17. Na4 Qd6 18. Nxc5 Nxf3 0-1

[Event "Abu Dhabi Festival Open"]
[Site "Abu Dhabi UAE"]
[Date "2009.08.12"]
[Round "1"]
[White "Rakhmanov, Ale"]
[Black "Al Khelaifi, A."]
[Result "1-0"]
[WhiteElo "2559"]
[BlackElo "1652"]
[PlyCount "67"]
[EventDate "2009.08.12"]
[EventType "swiss"]
[EventRounds "9"]
[EventCountry "UAE"]
[Source "Mark Crowther"]
[SourceDate "2009.08.17"]

1. d4 d5 2. c4 c6 3. cxd5 cxd5 4. Nf3 Nf6 5. Nc3 Bf5 6. Bf4 e6 7. Qb3 Qb6 8.
Qxb6 axb6 9. e3 Bb4 10. Bxb8 Rxb8 11. a3 Bxc3+ 12. bxc3 Rc8 13. Rc1 Ne4 14. Nh4
Rxc3 15. Rxc3 Nxc3 16. Nxf5 exf5 17. f3 g6 18. Bd3 Ke7 19. Kd2 Na4 20. Rb1 Rc8
21. Bb5 Ra8 22. Rb4 Nc5 23. dxc5 bxc5 24. Ra4 Rc8 25. Ra7 Rc7 26. Ba6 Kd6 27.
Rxb7 c4 28. Rxc7 Kxc7 29. Kc3 Kb6 30. Bxc4 dxc4 31. Kxc4 Kc6 32. a4 h5 33. h4
f6 34. f4 1-0

[Event "Abu Dhabi Festival Open"]
[Site "Abu Dhabi UAE"]
[Date "2009.08.12"]
[Round "1"]
[White "Humaid, Ab"]
[Black "Amin, B."]
[Result "0-1"]
[WhiteElo "1635"]
[BlackElo "2551"]
[PlyCount "56"]
[EventDate "2009.08.12"]
[EventType "swiss"]
[EventRounds "9"]
[EventCountry "UAE"]
[Source "Mark Crowther"]
[SourceDate "2009.08.17"]

1. Nf3 f5 2. d4 Nf6 3. c4 e6 4. Nc3 Bb4 5. Bd2 O-O 6. a3 Bxc3 7. Bxc3 d6 8. g3
b6 9. Bg2 Bb7 10. O-O Ne4 11. Qc2 Nd7 12. Nd2 Nxd2 13. Bxd2 Bxg2 14. Kxg2 Qf6
15. e3 e5 16. Bc3 e4 17. f4 exf3+ 18. Rxf3 Qe6 19. Qe2 d5 20. Rd1 Nf6 21. Bb4
Rf7 22. cxd5 Nxd5 23. Bd2 Re8 24. Qa6 Qe4 25. Qc4 g5 26. Kf2 g4 27. Rf4 Nxf4
28. exf4 Qf3+ 0-1

[Event "Abu Dhabi Festival Open"]
[Site "Abu Dhabi UAE"]
[Date "2009.08.12"]
[Round "1"]
[White "Al Khelaifi, K."]
[Black "Kengis, E."]
[Result "0-1"]
[WhiteElo "1488"]
[BlackElo "2543"]
[PlyCount "60"]
[EventDate "2009.08.12"]
[EventType "swiss"]
[EventRounds "9"]
[EventCountry "UAE"]
[Source "Mark Crowther"]
[SourceDate "2009.08.17"]

1. d4 Nf6 2. c3 g6 3. Nd2 Bg7 4. e4 O-O 5. Bd3 c5 6. Ngf3 d6 7. d5 e6 8. c4
exd5 9. cxd5 Bg4 10. O-O Nbd7 11. h3 Bxf3 12. Nxf3 c4 13. Bc2 Nc5 14. Re1 Re8
15. Nd2 b5 16. Qf3 Nxd5 17. Re2 Nb4 18. Nf1 Nxc2 19. Rxc2 Nxe4 20. Rb1 d5 21.
Re2 f5 22. Be3 d4 23. Rd1 d3 24. Ree1 Bxb2 25. Rb1 Bc3 26. Red1 b4 27. Nd2 Bxd2
28. Bxd2 c3 29. Bc1 c2 30. Rxd3 cxb1=Q 0-1

[Event "Abu Dhabi Festival Open"]
[Site "Abu Dhabi UAE"]
[Date "2009.08.12"]
[Round "1"]
[White "Melkumyan, H."]
[Black "Ayyad, H."]
[Result "1-0"]
[WhiteElo "2530"]
[BlackElo "2111"]
[PlyCount "70"]
[EventDate "2009.08.12"]
[EventType "swiss"]
[EventRounds "9"]
[EventCountry "UAE"]
[Source "Mark Crowther"]
[SourceDate "2009.08.17"]

1. d4 Nf6 2. c4 e6 3. Nc3 d5 4. Bg5 c6 5. e3 Nbd7 6. Nf3 Bb4 7. Rc1 Qa5 8. cxd5
exd5 9. Bd3 O-O 10. O-O Re8 11. Qc2 Be7 12. Rce1 Qd8 13. Ne5 Nf8 14. Ne2 Ng4
15. Bxe7 Qxe7 16. Nxg4 Bxg4 17. Ng3 Rac8 18. f4 c5 19. Qf2 Bd7 20. e4 cxd4 21.
e5 f6 22. e6 Ba4 23. Nf5 Qc7 24. Nxd4 Qb6 25. f5 a6 26. Rc1 Rxc1 27. Rxc1 Re7
28. b3 Be8 29. Ne2 Qd6 30. Qc5 Qd8 31. Qd4 Bc6 32. Nf4 Qd6 33. Rc5 Re8 34. Nxd5
Bxd5 35. Qxd5 Qd8 1-0

[Event "Abu Dhabi Festival Open"]
[Site "Abu Dhabi UAE"]
[Date "2009.08.13"]
[Round "2"]
[White "Al Sharif, H."]
[Black "Aleksandrov, A."]
[Result "0-1"]
[WhiteElo "2109"]
[BlackElo "2616"]
[PlyCount "66"]
[EventDate "2009.08.12"]
[EventType "swiss"]
[EventRounds "9"]
[EventCountry "UAE"]
[Source "Mark Crowther"]
[SourceDate "2009.08.17"]

1. c4 e6 2. Nc3 d5 3. e3 Nf6 4. Nf3 Nbd7 5. d4 a6 6. Be2 dxc4 7. Bxc4 b5 8. Bb3
Bb7 9. O-O c5 10. Qe2 Bd6 11. Rd1 O-O 12. dxc5 Nxc5 13. Bc2 Qc7 14. h3 b4 15.
Na4 Nce4 16. b3 Rfd8 17. Bb2 Nc3 18. Bxc3 bxc3 19. Rd4 a5 20. Rad1 e5 21. Rh4
e4 22. Nd4 Bh2+ 23. Kh1 Be5 24. f4 exf3 25. Nxf3 Rxd1+ 26. Qxd1 Rd8 27. Qe2
Bxf3 28. Qxf3 Qd6 29. Qf1 Qd2 30. Qb1 g6 31. Rc4 Qxe3 32. Qg1 Qxg1+ 33. Kxg1
Rd2 0-1

[Event "Abu Dhabi Festival Open"]
[Site "Abu Dhabi UAE"]
[Date "2009.08.13"]
[Round "2"]
[White "Bocharov, D."]
[Black "Mona, K."]
[Result "1-0"]
[WhiteElo "2613"]
[BlackElo "2094"]
[PlyCount "53"]
[EventDate "2009.08.12"]
[EventType "swiss"]
[EventRounds "9"]
[EventCountry "UAE"]
[Source "Mark Crowther"]
[SourceDate "2009.08.17"]

1. d4 d5 2. c4 c6 3. Nf3 Nf6 4. e3 a6 5. Bd2 g6 6. Nc3 Bg7 7. Qb3 O-O 8. Rc1
Ra7 9. cxd5 cxd5 10. Bd3 Nc6 11. O-O Qd6 12. h3 b5 13. Ne2 Ne4 14. Bxe4 dxe4
15. Ng5 Bf5 16. Ng3 Bxd4 17. exd4 Nxd4 18. Qe3 Qd5 19. Bc3 Rd7 20. N5xe4 Bxe4
21. Nxe4 Nf5 22. Qf4 Qxa2 23. g4 b4 24. gxf5 bxc3 25. f6 Qe6 26. Rxc3 Rd5 27.
fxe7 1-0

[Event "Abu Dhabi Festival Open"]
[Site "Abu Dhabi UAE"]
[Date "2009.08.13"]
[Round "2"]
[White "Saad, B."]
[Black "Ghaem Maghami, E."]
[Result "0-1"]
[WhiteElo "2109"]
[BlackElo "2589"]
[PlyCount "92"]
[EventDate "2009.08.12"]
[EventType "swiss"]
[EventRounds "9"]
[EventCountry "UAE"]
[Source "Mark Crowther"]
[SourceDate "2009.08.17"]

1. d4 Nf6 2. Nf3 c5 3. e3 g6 4. c4 Bg7 5. Nc3 cxd4 6. exd4 d5 7. cxd5 Nxd5 8.
Be2 O-O 9. O-O Nc6 10. Qb3 Nxc3 11. bxc3 Qc7 12. Bg5 Be6 13. Qa3 Rfe8 14. Rab1
Rac8 15. Rfd1 Bd5 16. Rb5 e6 17. Bh4 a6 18. Bg3 Qd8 19. Rbb1 Qa5 20. Qb2 b5 21.
a3 Ne7 22. Qb4 Qxb4 23. cxb4 Nf5 24. Be5 Red8 25. Kf1 Rc3 26. a4 Bb3 27. Rdc1
Rxc1+ 28. Rxc1 Bxa4 29. Rc3 Nxd4 30. Bxd4 Bxd4 31. Rc6 h6 32. Rxa6 Bc3 33. Rb6
Rd5 34. Ne1 Bxb4 35. Nd3 Bc3 36. g4 g5 37. Rc6 b4 38. Rc4 Bb5 39. Rc8+ Kg7 40.
Nc1 Rd1+ 41. Kg2 Bxe2 42. Nxe2 Be5 43. Rc1 Rd2 44. Ng3 b3 45. Ne4 b2 46. Rb1
Rc2 0-1

[Event "Abu Dhabi Festival Open"]
[Site "Abu Dhabi UAE"]
[Date "2009.08.13"]
[Round "2"]
[White "Andriasian, Z."]
[Black "Johny, P."]
[Result "1-0"]
[WhiteElo "2585"]
[BlackElo "2078"]
[PlyCount "107"]
[EventDate "2009.08.12"]
[EventType "swiss"]
[EventRounds "9"]
[EventCountry "UAE"]
[Source "Mark Crowther"]
[SourceDate "2009.08.17"]

1. e4 c5 2. Nf3 Nc6 3. Bb5 e6 4. Bxc6 bxc6 5. O-O d5 6. d3 Nf6 7. Qe2 Be7 8. c4
Qc7 9. Nc3 O-O 10. Bg5 d4 11. Na4 e5 12. Bxf6 gxf6 13. Nh4 Kh8 14. Qh5 Bd6 15.
Nf5 Rg8 16. h4 Be6 17. Qf3 Be7 18. b3 Rg6 19. g3 Rag8 20. Rfe1 Qd8 21. Kf1 Qf8
22. Rab1 Rg4 23. a3 Bxf5 24. exf5 Qc8 25. Re4 Rxe4 26. Qxe4 Qa6 27. Kg2 Rc8 28.
Kh3 Qa5 29. Rb2 Qc7 30. Kg2 Bd6 31. b4 cxb4 32. axb4 Rb8 33. b5 cxb5 34. cxb5
Kg7 35. Qd5 Be7 36. Kh2 Qa5 37. Qc4 Bf8 38. Kg2 Qd8 39. Qc6 Rc8 40. Qb7 Rc7 41.
Qf3 Rc3 42. Nxc3 dxc3 43. Rc2 Qd4 44. Qe4 Bc5 45. Qxd4 Bxd4 46. Kf3 Kf8 47. Ke4
Ke7 48. Kd5 Kd7 49. f4 h6 50. g4 Ke7 51. g5 fxg5 52. fxe5 Be3 53. hxg5 hxg5 54.
Rxc3 1-0

[Event "Abu Dhabi Festival Open"]
[Site "Abu Dhabi UAE"]
[Date "2009.08.13"]
[Round "2"]
[White "Shahul, H."]
[Black "Filippov, An UZB"]
[Result "0-1"]
[WhiteElo "2097"]
[BlackElo "2583"]
[PlyCount "56"]
[EventDate "2009.08.12"]
[EventType "swiss"]
[EventRounds "9"]
[EventCountry "UAE"]
[Source "Mark Crowther"]
[SourceDate "2009.08.17"]

1. d4 Nf6 2. Nf3 e6 3. Bg5 h6 4. Bxf6 Qxf6 5. e4 d6 6. Bd3 Nc6 7. Nc3 a6 8. O-O
g5 9. Re1 g4 10. e5 Qg7 11. Nd2 dxe5 12. d5 Nd4 13. Bc4 b5 14. Bb3 Bb7 15. Ne2
Nxb3 16. axb3 Bxd5 17. Ng3 h5 18. c4 Bb7 19. cxb5 h4 20. bxa6 Bd5 21. Nge4 g3
22. fxg3 hxg3 23. Nf3 Bxe4 24. Rxe4 Bc5+ 25. Kf1 gxh2 26. Nxh2 Rxh2 27. Qf3
Rh1+ 28. Ke2 Rxa1 0-1

[Event "Abu Dhabi Festival Open"]
[Site "Abu Dhabi UAE"]
[Date "2009.08.13"]
[Round "2"]
[White "Anastasian, A."]
[Black "Yousif, A."]
[Result "1-0"]
[WhiteElo "2566"]
[BlackElo "2061"]
[PlyCount "63"]
[EventDate "2009.08.12"]
[EventType "swiss"]
[EventRounds "9"]
[EventCountry "UAE"]
[Source "Mark Crowther"]
[SourceDate "2009.08.17"]

1. d4 Nf6 2. c4 e6 3. Nc3 d5 4. cxd5 exd5 5. Bg5 c6 6. e3 h6 7. Bh4 g5 8. Bg3
Bf5 9. Bd3 Bxd3 10. Qxd3 Bb4 11. Nge2 Ne4 12. O-O Bxc3 13. bxc3 b5 14. a4 a6
15. f3 Nxg3 16. Nxg3 O-O 17. Nf5 Qf6 18. e4 Nd7 19. e5 Qe6 20. f4 g4 21. h3 Kh8
22. hxg4 Rg8 23. g5 Rg6 24. Nh4 Rgg8 25. f5 Qe7 26. f6 Qe6 27. g6 Nxf6 28. Rxf6
Qg4 29. gxf7 Qxh4 30. fxg8=Q+ Rxg8 31. Raf1 Qg5 32. Qh3 1-0

[Event "Abu Dhabi Festival Open"]
[Site "Abu Dhabi UAE"]
[Date "2009.08.13"]
[Round "2"]
[White "Amin, B."]
[Black "Waleed, Y."]
[Result "1-0"]
[WhiteElo "2551"]
[BlackElo "2024"]
[PlyCount "41"]
[EventDate "2009.08.12"]
[EventType "swiss"]
[EventRounds "9"]
[EventCountry "UAE"]
[Source "Mark Crowther"]
[SourceDate "2009.08.17"]

1. e4 e6 2. d3 d5 3. Nd2 c5 4. g3 Nc6 5. Bg2 Nf6 6. Ngf3 Be7 7. O-O O-O 8. Re1
b6 9. e5 Nd7 10. Nf1 Bb7 11. h4 f6 12. exf6 Rxf6 13. N1h2 e5 14. Ng4 Rg6 15.
Nfxe5 Ndxe5 16. Nxe5 Nxe5 17. Rxe5 Bxh4 18. gxh4 Qxh4 19. Qh5 Qd4 20. Qe2 Qh4
21. Bg5 1-0

[Event "Abu Dhabi Festival Open"]
[Site "Abu Dhabi UAE"]
[Date "2009.08.13"]
[Round "2"]
[White "Omar, Abdulw"]
[Black "Ovetchkin, R."]
[Result "0-1"]
[WhiteElo "2061"]
[BlackElo "2548"]
[PlyCount "74"]
[EventDate "2009.08.12"]
[EventType "swiss"]
[EventRounds "9"]
[EventCountry "UAE"]
[Source "Mark Crowther"]
[SourceDate "2009.08.17"]

1. c4 e5 2. Nc3 Bb4 3. Qc2 Nf6 4. g3 O-O 5. Bg2 Re8 6. d3 h6 7. Nf3 c6 8. O-O
d5 9. Bd2 Bf8 10. Rfd1 d4 11. Ne4 Nh7 12. Bc1 f5 13. Ned2 c5 14. e3 Nc6 15. a3
a5 16. b3 Nf6 17. Nf1 Be6 18. e4 fxe4 19. dxe4 a4 20. N1d2 Qa5 21. Ne1 axb3 22.
Qxb3 Qa4 23. Nd3 Qxb3 24. Nxb3 Nd7 25. Nb2 b5 26. cxb5 Bxb3 27. bxc6 Nb6 28.
Re1 c4 29. Bf1 Bb4 30. Re2 Bc5 31. Re1 Rec8 32. Kh1 Rxc6 33. f4 d3 34. Bxd3
cxd3 35. Nxd3 Bd4 36. Bb2 Rc3 37. fxe5 Nc4 0-1

[Event "Abu Dhabi Festival Open"]
[Site "Abu Dhabi UAE"]
[Date "2009.08.13"]
[Round "2"]
[White "Kengis, E."]
[Black "Issa, Moha"]
[Result "1-0"]
[WhiteElo "2543"]
[BlackElo "1987"]
[PlyCount "43"]
[EventDate "2009.08.12"]
[EventType "swiss"]
[EventRounds "9"]
[EventCountry "UAE"]
[Source "Mark Crowther"]
[SourceDate "2009.08.17"]

1. d4 e6 2. c4 d5 3. Nc3 Nf6 4. Nf3 c5 5. cxd5 exd5 6. Bg5 Be6 7. dxc5 Bxc5 8.
e3 Be7 9. Bb5+ Nc6 10. Nd4 Rc8 11. O-O O-O 12. Rc1 h6 13. Bxf6 Bxf6 14. Bxc6
bxc6 15. Na4 Qd6 16. Nc5 Bxd4 17. Qxd4 Qe7 18. b4 Rfd8 19. Rc3 Qd6 20. Nb7 Qd7
21. Nxd8 Qxd8 22. Rfc1 1-0

[Event "Abu Dhabi Festival Open"]
[Site "Abu Dhabi UAE"]
[Date "2009.08.13"]
[Round "2"]
[White "Marwan, A."]
[Black "Melkumyan, H."]
[Result "0-1"]
[WhiteElo "2055"]
[BlackElo "2530"]
[PlyCount "66"]
[EventDate "2009.08.12"]
[EventType "swiss"]
[EventRounds "9"]
[EventCountry "UAE"]
[Source "Mark Crowther"]
[SourceDate "2009.08.17"]

1. e4 e5 2. Nf3 Nc6 3. Bb5 a6 4. Ba4 d6 5. c3 Bd7 6. d3 Nge7 7. Bg5 h6 8. Bh4
Qc8 9. d4 Ng6 10. Bg3 Be7 11. dxe5 dxe5 12. Nbd2 Bf6 13. Nf1 O-O 14. Ne3 b5 15.
Bb3 Nce7 16. O-O Rd8 17. Qc2 Bc6 18. c4 b4 19. Rfd1 Qb7 20. Nd5 a5 21. Ba4 Re8
22. a3 Rab8 23. axb4 axb4 24. Rd3 Ra8 25. Rdd1 Bxa4 26. b3 Bc6 27. Nxf6+ gxf6
28. Qd2 Rxa1 29. Rxa1 Bxe4 30. Nh4 Kg7 31. f3 Nxh4 32. Bxh4 Bg6 33. Ra5 Qb6+
0-1

[Event "Abu Dhabi Festival Open"]
[Site "Abu Dhabi UAE"]
[Date "2009.08.13"]
[Round "2"]
[White "Savchenko, S."]
[Black "Zayed, A."]
[Result "1-0"]
[WhiteElo "2526"]
[BlackElo "1855"]
[PlyCount "75"]
[EventDate "2009.08.12"]
[EventType "swiss"]
[EventRounds "9"]
[EventCountry "UAE"]
[Source "Mark Crowther"]
[SourceDate "2009.08.17"]

1. Nf3 Nf6 2. c4 d6 3. d4 g6 4. Nc3 Bg7 5. e4 O-O 6. Be2 e5 7. O-O Nc6 8. d5
Ne7 9. b4 Nh5 10. Re1 f5 11. Ng5 Nf6 12. Bf3 h6 13. Ne6 Bxe6 14. dxe6 Nc6 15.
b5 Nd4 16. exf5 gxf5 17. Bxb7 Rb8 18. Bd5 Nxd5 19. cxd5 Nxb5 20. Nxb5 Rxb5 21.
a4 Rb7 22. Bd2 Qe7 23. Rc1 Rc8 24. Rc6 Rb6 25. Qc1 Kh7 26. Ba5 Rxc6 27. Qxc6 e4
28. Qb7 Rf8 29. Qxc7 Re8 30. Qxe7 Rxe7 31. Rc1 Rb7 32. g3 Kg6 33. Rc8 Bd4 34.
Kg2 Be5 35. Rg8+ Kh7 36. Rf8 Kg6 37. Bd8 Bg7 38. e7 1-0

[Event "Abu Dhabi Festival Open"]
[Site "Abu Dhabi UAE"]
[Date "2009.08.13"]
[Round "2"]
[White "Barve, S."]
[Black "Simonian, H."]
[Result "1/2-1/2"]
[WhiteElo "2034"]
[BlackElo "2520"]
[PlyCount "42"]
[EventDate "2009.08.12"]
[EventType "swiss"]
[EventRounds "9"]
[EventCountry "UAE"]
[Source "Mark Crowther"]
[SourceDate "2009.08.17"]

1. d4 Nf6 2. c4 b6 3. Nc3 Bb7 4. Bg5 e6 5. e3 Be7 6. Nf3 O-O 7. Bd3 d5 8. cxd5
Nxd5 9. Bxe7 Qxe7 10. Nxd5 Bxd5 11. O-O Nd7 12. Qc2 Bxf3 13. gxf3 Qg5+ 14. Kh1
Qh5 15. Be4 Rac8 16. Bb7 c5 17. Bxc8 Qxf3+ 18. Kg1 Qg4+ 19. Kh1 Qf3+ 20. Kg1
Qg4+ 21. Kh1 Qf3+ 1/2-1/2

[Event "Abu Dhabi Festival Open"]
[Site "Abu Dhabi UAE"]
[Date "2009.08.13"]
[Round "2"]
[White "Antonio, V."]
[Black "El Gindy, E."]
[Result "1-0"]
[WhiteElo "2107"]
[BlackElo "2501"]
[PlyCount "77"]
[EventDate "2009.08.12"]
[EventType "swiss"]
[EventRounds "9"]
[EventCountry "UAE"]
[Source "Mark Crowther"]
[SourceDate "2009.08.17"]

1. e4 c5 2. Nf3 e6 3. d4 cxd4 4. Nxd4 a6 5. Nc3 Qc7 6. Bd3 Nf6 7. O-O Nc6 8.
Be3 Bd6 9. h3 Bh2+ 10. Kh1 Bf4 11. Bxf4 Qxf4 12. Nce2 Qc7 13. f4 Nxd4 14. Nxd4
d6 15. Qe2 g6 16. e5 Nh5 17. Qe3 O-O 18. g4 Ng7 19. Rad1 Rd8 20. Nf3 dxe5 21.
fxe5 b5 22. Kg1 f5 23. exf6 Qg3+ 24. Kh1 Qxh3+ 25. Kg1 Qxg4+ 26. Kf2 Nh5 27.
Rg1 Qf4 28. Be4 Rxd1 29. Rxd1 Qg3+ 30. Kf1 Qh3+ 31. Ke1 Qg3+ 32. Kd2 Rb8 33.
Kc1 Nxf6 34. Rg1 Qd6 35. Bxg6 Bb7 36. Bxh7+ Kh8 37. Qh6 Qf8 38. Qh2 Nxh7 39.
Ng5 1-0

[Event "Abu Dhabi Festival Open"]
[Site "Abu Dhabi UAE"]
[Date "2009.08.13"]
[Round "2"]
[White "Pabalan, R."]
[Black "Agamaliev, G."]
[Result "0-1"]
[WhiteElo "2033"]
[BlackElo "2490"]
[PlyCount "66"]
[EventDate "2009.08.12"]
[EventType "swiss"]
[EventRounds "9"]
[EventCountry "UAE"]
[Source "Mark Crowther"]
[SourceDate "2009.08.17"]

1. e4 c5 2. Nf3 e6 3. d4 cxd4 4. Nxd4 a6 5. Qf3 d6 6. Nc3 Qb6 7. Nb3 Nf6 8. Be3
Qc7 9. g4 b5 10. Rg1 Bb7 11. g5 Nfd7 12. a3 Nc6 13. Qh3 b4 14. axb4 Nxb4 15.
O-O-O Rc8 16. g6 Na2+ 17. Kb1 Nxc3+ 18. bxc3 Nf6 19. f3 e5 20. c4 Rb8 21. gxf7+
Qxf7 22. Qg2 Bc8 23. Qd2 Be7 24. Ka1 O-O 25. Na5 Qe8 26. Nb3 Be6 27. Qa5 Qc6
28. Qa3 a5 29. Be2 Rb4 30. Nxa5 Ra4 31. Nxc6 Rxa3+ 32. Kb2 Rxe3 33. Nxe7+ Kf7
0-1

[Event "Abu Dhabi Festival Open"]
[Site "Abu Dhabi UAE"]
[Date "2009.08.13"]
[Round "2"]
[White "Khalifa, K UAE."]
[Black "Galojan, L."]
[Result "0-1"]
[WhiteElo "2003"]
[BlackElo "2338"]
[PlyCount "90"]
[EventDate "2009.08.12"]
[EventType "swiss"]
[EventRounds "9"]
[EventCountry "UAE"]
[Source "Mark Crowther"]
[SourceDate "2009.08.17"]

1. e4 c5 2. Nf3 d6 3. d4 cxd4 4. Nxd4 Nf6 5. Nc3 a6 6. Bc4 e6 7. Bb3 Nbd7 8.
Be3 Nc5 9. f3 Be7 10. O-O O-O 11. a3 e5 12. Nde2 Nxb3 13. cxb3 Be6 14. Nd5 Bxd5
15. exd5 Rc8 16. Qd2 Qd7 17. Nc3 Bd8 18. Qd3 Re8 19. Rac1 h6 20. Ne4 Be7 21.
Rxc8 Rxc8 22. Rc1 Rxc1+ 23. Bxc1 Nxe4 24. fxe4 Bd8 25. Be3 Kh7 26. h3 g6 27. g4
h5 28. Qe2 hxg4 29. hxg4 Kg8 30. a4 Ba5 31. Qf3 Qd8 32. Kg2 Bb6 33. Bxb6 Qxb6
34. Qc3 Kg7 35. b4 Qd4 36. Qxd4 exd4 37. Kf2 Kf6 38. Ke2 Ke5 39. Kd3 f6 40. a5
g5 41. b3 Kf4 42. Kxd4 Kxg4 43. Kc4 Kf4 44. b5 g4 45. bxa6 bxa6 0-1